CONSUMER BEHAVIOR (Record no. 128130)

MARC details
000 -LEADER
fixed length control field 00343pam a2200133 a 4500
020 ## - INTERNATIONAL STANDARD BOOK NUMBER
International Standard Book Number 81-85989-83-4
Terms of availability
041 ## - LANGUAGE CODE
Language code of original
082 ## - DEWEY DECIMAL CLASSIFICATION NUMBER
Classification number 658.8342
Item number SRI/KHA
100 ## - MAIN ENTRY--PERSONAL NAME
Personal name ENGEL J.F.,BLACKWELL R.D.,MINIARD P.W.
245 ## - TITLE STATEMENT
Title CONSUMER BEHAVIOR
Medium Textual Documents
260 ## - PUBLICATION, DISTRIBUTION, ETC.
Place of publication, distribution, etc. CHICAGO
Name of publisher, distributor, etc. THE DRYDEN PRESS
Date of publication, distribution, etc. 1990
300 ## - PHYSICAL DESCRIPTION
Extent XXVII+789
930 ## - EQUIVALENCE OR CROSS-REFERENCE-UNIFORM TITLE HEADING [LOCAL, CANADA]
Uniform title 8676
Holdings
Withdrawn status Lost status Damaged status Not for loan Collection Home library Current library Date acquired Total Checkouts Full call number Barcode Date last seen Copy number Price effective from Koha item type
          Institute of Management & Entrepreneurship Development, Pune Institute of Management & Entrepreneurship Development, Pune 18/04/2011   658.8342 SRI/KHA IMP-IM-5634 01/03/2023 1 01/03/2023 Book